Logo BPK

Biblioteka

Politechniki Koszalińskiej

Sporty zimowe : (Rekord nr 9269)

Szczegóły MARC
000 -ETYKIETA REKORDU
podpole kontrolne o stałej długości 01662nam a2200457 i 4500
001 - NUMER KONTROLNY REKORDU
pole kontrolne 9269
003 - IDENTYFIKATOR NUMERU KONTROLNEGO REKORDU
podpole kontrolne KOSZ 005
005 - DATA OSTATNIEJ MODYFIKACJI REKORDU
podpole kontrolne 20200414134031.0
008 - POLE O STAŁEJ DŁUGOŚCI - DANE KONTROLNE
podpole kontrolne o stałej długości 071107s1967 pl a f 000 0 pol
015 ## - NUMER BIBLIOGRAFII NARODOWEJ
Numer bibliografii narodowej PB 1967/2827
035 ## - NUMER SYSTEMOWY
Numer systemowy przejętego rekordu (PL-WaBN)b20211004-48omnis_nlop
035 ## - NUMER SYSTEMOWY
Numer systemowy przejętego rekordu b20211004
035 ## - NUMER SYSTEMOWY
Numer systemowy przejętego rekordu (OCoLC)749513722
035 ## - NUMER SYSTEMOWY
Numer systemowy przejętego rekordu (PL)b0000020211004
040 ## - ŹRÓDŁO KATALOGOWANIA
Instytucja, która sporządziła opis WA N
Instytucja, która utworzyła rekord WA N
Instytucja, która dokonała modyfikacji KOSZ 005/RW
046 ## - DATY KODOWANE
Pojedyncza data lub początek okresu powstania dzieła lub zbioru dzieł 1967
080 ## - UNIWERSALNA KLASYFIKACJA DZIESIĘTNA - UKD
UKD 796
245 00 - TYTUŁ/ODPOWIEDZIALNOŚĆ
Tytuł Sporty zimowe :
Ciąg dalszy tytułu łyżwiarstwo figurowe, łyżwiarstwo szybkie, hokej, narciarstwo, saneczkarstwo. /
Pozostałe elementy strefy tytułu i oznaczenia odpowiedzialności [opracowanie Mikołaj Bańczyk et al.].
260 ## - STREFA ADRESU WYDAWNICZEGO
Miejsce wydania Warszawa :
Nazwa wydawcy/dystrybutora "Sport i Turystyka",
Data publikacji, dystrybucji/powstania dokumentu 1967.
300 ## - STREFA OPISU FIZYCZNEGO
Objętość 210, [1] stron :
Inne cechy fizyczne ilustracje ;
Rozmiary 18 cm.
336 ## - TYP ZAWARTOŚCI
Termin opisujący typ zawartości Tekst
Kod określający zawartość txt
Źródło (terminu i kodu) rdacontent
337 ## - TYP MEDIÓW
Tryb odtwarzania Bez urządzenia pośredniczącego
Kod typu mediów n
Źródło (terminu i kodu) rdamedia
338 ## - TYP/RODZAJ NOŚNIKA
Hasło opisujące typ nośnika Wolumin
Kod typu nośnika nc
Źródło (terminu i kodu) rdacarrier
380 ## - FORMA I TYP PUBLIKACJI
Forma i typ publikacji Książki
388 ## - CZAS POWSTANIA
Czas powstania 1901-2000
490 1# - STREFA SERII I DOKUMENTU WIELOCZĘŚCIOWEGO - FORMA NIE DO WYSZUKIWANIA
Tytuł i oznaczenie odpowiedzialności serii Biblioteczka Sportu Szkolnego
Numeracja w obrębie serii 4
504 ## - UWAGA DOTYCZĄCA BIBLIOGRAFII
Informacje o bibliografii Bibliografia na stronach 208-[209].
650 #7 - HASŁO PRZEDMIOTOWE W FORMIE NAZWY OGÓLNEJ LUB JEDNOSTKOWEJ
Nazwa ogólna lub geograficzna Sporty zimowe.
Źródło hasła lub terminu DBN
658 ## - TERMIN INDEKSOWY - PRZEDMIOT PROGRAMU NAUCZANIA
Główny przedmiot programu nauczania Kultura fizyczna i sport
658 ## - TERMIN INDEKSOWY - PRZEDMIOT PROGRAMU NAUCZANIA
Główny przedmiot programu nauczania Edukacja i pedagogika
655 #7 - TERMIN INDEKSOWY - OKREŚLENIE RODZAJU/FORMY DOKUMENTU
Określenie rodzaju/formy dokumentu Wydawnictwa popularne
Źródło terminu DBN
700 1# - HASŁO DODATKOWE - NAZWA OSOBOWA
Nazwa osobowa Bańczyk, Mikołaj.
Określenie związku między hasłem a opisywanym materiałem Opracowanie
700 1# - HASŁO DODATKOWE - NAZWA OSOBOWA
Nazwa osobowa Gniewkowski, Wacław.
Określenie związku między hasłem a opisywanym materiałem Opracowanie
700 1# - HASŁO DODATKOWE - NAZWA OSOBOWA
Nazwa osobowa Paruszewski, Zenon.
Określenie związku między hasłem a opisywanym materiałem Opracowanie
700 1# - HASŁO DODATKOWE - NAZWA OSOBOWA
Nazwa osobowa Rogalski, Stefan.
Określenie związku między hasłem a opisywanym materiałem Opracowanie
710 2# - HASŁO DODATKOWE - NAZWA CIAŁA ZBIOROWEGO
Nazwa ciała zbiorowego lub jednostki geograficznej Wydawnictwo Sport i Turystyka
Kod określenia powiązania pbl
830 #0 - HASŁO DODATKOWE SERII LUB DOKUMENTU WIELOCZĘŚCIOWEGO - TYTUŁ UJEDNOLICONY
Tytuł ujednolicony Biblioteczka Sportu Szkolnego
Oznaczenie tomu 4
856 ## - LOKALIZACJA I DOSTĘP DO ELEKTRONICZNYCH DOKUMENTÓW ZDALNYCH
Link (URL) http://koha.tu.koszalin.pl/cgi-bin/koha/opac-detail.pl?biblionumber=9269
Tekst linku Katalog online BPK
942 ## - DODATKOWE ELEMENTY (KOHA)
Schemat klasyfikacji Uniwersalna Klasyfikacja Dziesiętna
Typ dokumentu Książka
Egzemplarze
Wycofany Status egzemplarza Uszkodzony Dostępność Lokalizacja stała Lokalizacja bieżąca Miejsce przechowywania Sygnatura Kod kreskowy Typ dokumentu
      Dostępny Biblioteka Politechniki Koszalińskiej Biblioteka Politechniki Koszalińskiej Wypożyczalnia BG 13482 01747072 Książka
© 2023 Biblioteka Politechniki Koszalińskiej :: KOHA